000
00216 a2200097 4500
001
11075
100
_a
Burke, S. M.
245
_a
Pakistan's foreign policy
260
_a
_b
Oxford Yniversity
_c
090
_c
8636
_d
8636
942
_a
NUST-CAE
_c
M
_c
35418
999
_c
246148
_d
246148